| 000 | 00607nam a2200193 a 4500 | ||
|---|---|---|---|
| 005 | 20231024063625.0 | ||
| 008 | 991125s1954 mx 000 0 spa u | ||
| 035 | _aUPN01000004413 | ||
| 049 | _aLT | ||
| 050 | 4 |
_aLB1589 M6.4 _bL4.2 |
|
| 100 | 1 |
_aLechuga, Rosaura _928971 |
|
| 245 | 1 | 0 |
_aAritmética infantil y nociones de geometría : _bIV año / _cRosaura Lechuga. |
| 260 |
_aMéxico : _bPatria, _c1954. |
||
| 300 |
_a214 p. : _bil. |
||
| 650 | 4 |
_aGeometría _xEstudio y enseñanza (Elemental) _94869 |
|
| 650 | 4 |
_aAritmética _xEstudio y enseñanza (Elemental) _95289 |
|
| 905 | _aLibro | ||
| 999 |
_c4413 _d4413 |
||